02252nam a2200349 a 4500001001200000003000800012006001900020007001500039008004100054010001700095020003000112020002700142040002100169035002100190050002600211082001400237245013800251260004800389300002500437490003500462504005100497505092200548533015201470650001201622655002901634700002101663700002201684710001701706830003601723856012601759999001701885ebr10670966CaPaEBRm u cr cn|||||||||101015s2011 nyua sb 001 0 eng d z 2010043905 z9781611228915 (hardcover) z9781613247518 (e-book) aCaPaEBRcCaPaEBR a(OCoLC)83062779714aQP572.L48bL47 2011eb04a612.422200aLeptinh[electronic resource] :bhormonal functions, dysfunctions and clinical uses /cRose M. Hemling and Arthur T. Belkin, editors. aNew York :bNova Science Publishers,c2011. axiii, 299 p. :bill.1 aCell biology research progress aIncludes bibliographical references and index.0 aInterplay of leptin with the stress system components / George Soulis, Efthymia Kitraki -- The effect of drugs on leptin metabolism / Irem Fatma Uludag, Izmir Tepecik -- Leptin : a novel therapeutic target in the fight against neuro-degeneration? / G.H. Doherty -- Role of leptin in the activation of the immune system / Patricia Fern�andez-Riejos ... [et al.] -- Role of leptin in the mammary gland development, lactation, and in neonatal physiology / Mario Baratta -- Gender difference in leptin production and leptin sensitivity / Haife Shi -- The role and application of leptin in control of female reproductive functions / Alexander V. Sirotkin -- Risk of primary hypogonadism in patients with OSA due to high leptin levels / Madalina Miniciu Macrea, Leon Zagrean -- Neonatal leptin surge / Takashi Higuchi -- Adipokines in human pregnancy : the role of leptin and adiponectin / Shali Mazaki-Tovi ... [et al.]. aElectronic reproduction.bPalo Alto, Calif. :cebrary,d2013.nAvailable via World Wide Web.nAccess may be limited to ebrary affiliated libraries. 0aLeptin. 7aElectronic books.2local1 aHemling, Rose M.1 aBelkin, Arthur T.2 aebrary, Inc. 0aCell biology research progress.40uhttp://site.ebrary.com/lib/rucke/Doc?id=10670966zAn electronic book accessible through the World Wide Web; click to view c61931d61931